Statistics for Tennessee Basketball: Top 10 All-Time Leaders

Click here to take the quiz!

General Stats

  • This quiz has been taken 5 times
    (1 since last reset)
  • The average score is 0 of 91

Answer Stats

Category#PlayerAmount% Correct
GamesT8Admiral Schofield132
0%
Three Pointers Made10Admiral Schofield184
0%
Points1Allan Houston2,801
0%
Assists7Allan Houston460
0%
Three Pointers Made2Allan Houston346
0%
Points Per Game3Allan Houston21.9
0%
BlocksT10Armani Moore131
0%
Rebounds2Bernard King1,004
0%
Points7Bernard King1,962
0%
Field Goal Percent2Bernard King59.0%
0%
Points Per Game1Bernard King25.8
0%
Field Goal Percent7Bobby Croft52.6%
0%
Field Goal Percent4Brandon Crump56.7%
0%
Three Pointers Made6Brandon Wharton231
0%
Games5Cameron Tatum138
0%
Points10Carl Widseth1,683
0%
Rebounds4Carl Widseth937
0%
Points Per Game4Carl Widseth19.1
0%
Blocks9Charles Hathaway133
0%
Points4Chris Lofton2,131
0%
Three Pointers Made1Chris Lofton431
0%
Steals4Chris Lofton193
0%
Blocks1C.J. Black212
0%
Steals3C.J. Watson198
0%
Assists2C.J. Watson577
0%
Points6Dale Ellis2,065
0%
Points Per Game8Dale Ellis17.5
0%
Field Goal Percent1Dale Ellis59.5%
0%
Steals10Dane Bradshaw162
0%
Blocks5Doug Roth146
0%
Field Goal Percent10Dyron Nix51.5%
0%
Blocks6Dyron Nix142
0%
Rebounds3Dyron Nix944
0%
Points8Dyron Nix1,877
0%
Points Per Game2Ernie Grunfield22.8
0%
Points2Ernie Grunfield2,249
0%
Steals8Fred Jenkins177
0%
Rebounds1Gene Tormohlen1,113
0%
Field Goal Percent9Grant Williams51.6%
0%
Blocks3Grant Williams160
0%
Blocks7Isiah Victor140
0%
StealsT5JaJuan Smith183
0%
Three Pointers Made4JaJuan Smith253
0%
Field Goal Percent6Jarnell Stokes53.0%
0%
Rebounds9Jarnell Stokes836
0%
Games1John Fulkerson165
0%
Assists1Johnny Darden719
0%
Three Pointers Made7Jon Higgins209
0%
Assists9Jordan Bone405
0%
GamesT8Jordan Bowden132
0%
Three Pointers Made9Jordan Bowden186
0%
Games6Josh Richardson136
0%
Games3Josiah-Jordan James144
0%
StealsT5Josiah-Jordan James183
0%
Three Pointers Made8Josiah-Jordan James196
0%
Rebounds8Josiah-Jordan James844
0%
Blocks2Kyle Alexander185
0%
Games7Kyle Alexander135
0%
Points Per Game7Len Kosmalski17.7
0%
Field Goal Percent8Len Kosmalski52.4%
0%
Assists10Michael Brooks397
0%
Points Per Game10Mike Edwards17.4
0%
Points Per Game5Reggie Johnson18.3
0%
Rebounds6Reggie Johnson920
0%
Points5Reggie Johnson2,103
0%
Field Goal Percent3Reggie Johnson58.0%
0%
Rebounds10Rob Jones804
0%
Assists3Rodney Woods525
0%
Points Per Game6Ron Widby18.1
0%
Steals1Santiago Vescovi212
0%
Three Pointers Made3Santiago Vescovi325
0%
Games2Santiago Vescovi149
0%
Assists8Santiago Vescovi453
0%
Games10Skylar McBee131
0%
Field Goal Percent5Steve Hamer55.8%
0%
Three Pointers Made5Tony Harris240
0%
Assists4Tony Harris509
0%
Points3Tony White2,219
0%
Points Per Game9Tony White17.5
0%
Assists5Tyrone Beaman491
0%
Steals9Tyrone Beaman173
0%
Points9Vincent Yarbrough1,737
0%
Rebounds7Vincent Yarbrough862
0%
BlocksT10Vincent Yarbrough131
0%
Steals2Vincent Yarbrough211
0%
Rebounds5Wayne Chism930
0%
Games4Wayne Chism142
0%
Blocks4Wayne Chism152
0%
Blocks8Yves Pons137
0%
Assists6Zakai Zeigler472
0%
Steals7Zakai Zeigler181
0%

Score Distribution

Percentile by Number Answered

Percent of People with Each Score

Your Score History

You have not taken this quiz since the last reset